| 000 | 00885cam a22002534a 4500 | ||
|---|---|---|---|
| 001 | 11811355 | ||
| 005 | 20180312044749.0 | ||
| 008 | 991015s2000 nyua b 001 0 eng | ||
| 010 | _a 99053663 | ||
| 020 | _a0807738867 (pbk.) | ||
| 020 | _a0807738875 (cloth) | ||
| 040 |
_aDLC _cDLC _dDLC |
||
| 041 | _aeng | ||
| 042 | _apcc | ||
| 080 | _a302.23083 jay | ||
| 082 | 0 | 0 |
_a302.23083 jay _221 |
| 100 | 1 | _a25 | |
| 101 | _aedu | ||
| 245 | 1 | 0 |
_a"Good guys don't wear hats" : _cJoseph Tobin. |
| 504 | _aIncludes bibliographical references (p. 153-157) and index. | ||
| 906 |
_a7 _bcbc _corignew _d1 _eocip _f19 _gy-gencatlg |
||
| 942 |
_2ddc _cBK |
||
| 999 |
_c44672 _d44672 |
||